Keiseiki no Meiji jinushisei /

Saved in:
Bibliographic Details
Main Author: Niwa, Kunio, 1928-
Format: Book
Language:Japanese
Published: Tōkyō-to : Hanawa Shobō, Shōwa 39 [1964]
Edition:Shohan.
Series:Hanawa sensho ; 43
Subjects:
Tags: Add Tag
No Tags, Be the first to tag this record!
LEADER 00982cam a2200301 a 4500
001 007767410-3
005 20024617115958.0
008 900314s1964 ja b 000 0 jpn
010 |a j 65001212 
035 0 |a ocm21213892 
040 |a DLC  |c NcD  |d OCoLC  |d *YNH*  |d CStRLIN 
050 0 |a HD915  |b .N74 
100 1 |6 880-01  |a Niwa, Kunio,  |d 1928- 
245 1 0 |6 880-02  |a Keiseiki no Meiji jinushisei /  |c Niwa Kunio cho. 
250 |6 880-03  |a Shohan. 
260 |6 880-04  |a Tōkyō-to :  |b Hanawa Shobō,  |c Shōwa 39 [1964] 
300 |a 285 p. ;  |c 19 cm. 
490 0 |6 880-05  |a Hanawa sensho ;  |v 43 
500 |a Colophon inserted. 
504 |a Includes bibliographical references. 
650 0 |a Land tenure  |z Japan. 
880 1 |6 100-01  |a 丹羽邦男,  |d 1928- 
880 1 0 |6 245-02  |a 形成期の明治地主制 /  |c 丹羽邦男著. 
880 |6 250-03  |a 初版. 
880 |6 260-04  |a 東京都 :  |b 塙書房,  |c 昭和39 [1964] 
880 0 |6 490-05  |a 塙選書 ;  |v 43 
988 |a 20021214 
906 |0 DLC